|
|
|
|
| LEADER |
00000nam0a2200000 4500 |
| 001 |
353659 |
| 005 |
20231102010620.0 |
| 035 |
|
|
|a (RuTPU)RU\TPU\retro\10916
|
| 090 |
|
|
|a 353659
|
| 100 |
|
|
|a 20200526d1972 k y0rusy50 ca
|
| 101 |
0 |
|
|a rus
|
| 102 |
|
|
|a BY
|
| 105 |
|
|
|a a z 001zy
|
| 200 |
1 |
|
|a Структура в объеме и на поверхности прокатанных материалов
|e [монография]
|f В. П. Северденко, Л. И. Гурский
|
| 210 |
|
|
|a Минск
|c Наука и техника
|d 1972
|
| 215 |
|
|
|a 308 с.
|c ил.
|
| 320 |
|
|
|a Библиогр.: с. 247-256
|
| 606 |
1 |
|
|a Прокатка металлов
|x Деформируемость
|x Деформация пластическая
|2 stltpush
|3 (RuTPU)RU\TPU\subj\52021
|9 70515
|
| 610 |
1 |
|
|a структура
|
| 610 |
1 |
|
|a формирование
|
| 610 |
1 |
|
|a рентгеновские исследования
|
| 610 |
1 |
|
|a деформированные металлы
|
| 610 |
1 |
|
|a текстура
|
| 610 |
1 |
|
|a дислокационная структура
|
| 610 |
1 |
|
|a деформирование
|
| 610 |
1 |
|
|a поверхностные слои
|
| 610 |
1 |
|
|a дислокации
|
| 610 |
1 |
|
|a прокатанные порошковые материалы
|
| 610 |
1 |
|
|a электрические свойства
|
| 610 |
1 |
|
|a монографии
|
| 675 |
|
|
|a 621.771.014
|v 4
|
| 700 |
|
1 |
|a Северденко
|b В. П.
|g Василий Петрович
|
| 701 |
|
1 |
|a Гурский
|b Л. И.
|g Леонид Ильич
|
| 801 |
|
1 |
|a RU
|b 63413507
|c 20200526
|
| 801 |
|
2 |
|a RU
|b 63413507
|c 20201001
|g RCR
|
| 942 |
|
|
|c BK
|